000 00683nam a2200229 a 4500
001 32187
003 BD-RjUL
005 20211209051811.0
008 140424s1968 ne 000 0 eng d
035 _a(BD-RjUL)32276
035 _a1731795
040 _aNUN
_beng
_cNUN
_dNUN
_dBD-RjUL
041 _aeng
082 0 4 _a222.11
_bLES 1968
100 1 _aLewis, Jack P.
_q(Jack Pearl),
_d1919-
_997955
245 1 2 _aA Study of the interpretation of Noah and the flood in Jewish and Christian literature /
_cby Jack Lewis.
260 _aLeiden :
_bBrill,
_c1968.
300 _ax, 199 p. ;
_c25 cm.
504 _aBibliography: p. [193]-199.
650 0 _aDeluge.
_997956
942 _2ddc
_cBK
999 _c32187
_d32187